Statistics for Country Name Antonyms #1

Click here to take the quiz!

General Stats

  • This quiz has been taken 45 times
  • The average score is 9 of 10

Answer Stats

AntonymCountry% Correct
OrdorraAndorra
98%
SdivorcedenSweden
98%
LegmeniaArmenia
95%
OwomanOman
91%
IwalkIran
89%
PalezaniaTanzania
89%
BahsunBahrain
86%
EitherwayNorway
82%
FoutlandFinland
75%
ChaveChad
61%

Score Distribution

Percentile by Number Answered

Percent of People with Each Score

Your Score History

You have not taken this quiz